00530nam a2200181 a 45000010010000000030011000100080041000210200019000620350026000811000024001072450052001312500019001832600063002023000017002655000017002826500019002998560030003180001-1128ELIB.Books150504 2010 eng  a10: 0978661222 a(ELIB.Books)0001-1283 aVerheven, Theodore. aThe Deviation and Restoration of the Human Race aSecond Edition aNew YorkbNational Councle of the Churches of Christc2011 a905c22.5 Cm aVerheyen, T. aChristian Life nKBTS: LibraryuKBTS: Elib